00441nam a2200157Ia 45000010006000000050017000060080041000230410008000640820017000721000032000892450109001212600009002303000028002396500008002676540008002752033120260306172758.0260306t2005||||xx |||||||||||||| ||spa|| aESP a343.2bCH517 aChanamé Orbe, RaúleAUT 0aComentarios de la constitución política:bhistoria - concordancias -sumillas, preguntas y respuestas c2005 a394 páginas :c24 cm. aGEN aCDE